Act! for windows : the authorized guide

Bibliographic Details
Main Author: Wolf, Douglas J
Format: Book
Published: New York : Windcrest , 1994
Subjects:

MARC

LEADER 00000cam a2200000 7i4500
001 0000007735
002 000008305
005 20000330.0
020 |a 0830645195 
090 0 0 |a 650.02855369   |b WOL 
100 1 |a Wolf, Douglas J 
245 1 0 |a Act! for windows :   |b the authorized guide   |c Douglas J.Wolf 
260 |a New York :   |b Windcrest ,   |c 1994 
300 |a 166p. ;   |c 23cm. 
650 0 0 |a Act! (Computer file) 
999 |a 053073   |b BUKU   |c PINJAMAN   |e PERPUSTAKAAN KOMUNITI PETALING JAYA